00222 a2200097 450000100060000008200190000610000250002524500340005026000310008430000090011576699 a928.914391 IQR aIqrar Hussain Sheikh aIqbal aur Iqbal ShanasihUrdu aIslamabadbThe Booksc2004 a210p